000 02010cam a22004934i 4500
003 PE-LiUPU
005 20250731172845.0
008 150616s1994 miu r 000 0 eng d
020 _a9780802836830
020 _a0802836836
035 _a(Sirsi) i9780802836830
040 _aPE-LiUPU
_bspa
_cPE-LiUPU
_erda
049 _aPRUA
082 0 4 _a225.07
_bPNTC
_221
100 1 _aCarson, D. A.,
_eautor.
245 1 4 _aThe Gospel According to John /
_cD. A. Carson.
264 1 _aGrand Rapids, Michigan :
_bWm. B. Eerdmans Publishing Co.,
_c1994.
300 _a715 páginas ;
_c23 centímetros.
336 _atext
_2rdacontent
337 _aunmediated
_2rdamedia
338 _avolume
_2rdacarrier
490 0 _aA Pillar Commentary Series
505 0 _aSome distinctive characteristics of the gospel of John -- How John's gospel has been understood -- The authenticity of the fourth gospel -- The authorship of the fourth gospel -- The date and provenance of the fourth gospel -- The purpose of the gospel of John -- Some theological emphases in John -- Preaching from the fourth gospel -- The structure of John's gospel.
526 _aSEG42
526 _aSEG41
526 _aSEG40
526 _aSEG39
526 _aP94
526 _aP87
526 _aP86
526 _aP85
526 _aP77
526 _aP76
526 _aP35
630 _aBiblia.
_pN.T.
_pJuan
_xComentarios.
910 _ajck
_bjvq
_cjck
910 _adbm
_bncf
_cncf
_d20190416
942 _2ddc
_cBOOK
949 _a225.07 PNTC 4
_wDEWEY
_c1
_i73345
_lCCODEBUL1
_mBUL
_r0
_sY
_tBOOK
_u2015-6-16
_xTEOLOGIA
_zUNKNOWN
_0COMPRA
_o.CIRCNOTE. No olvidar cambiar la fecha de devolución!!!!!!!
_o.STAFF. Colección General
994 _aC0
_bPEPRU
596 _a1
999 _a225.07 PNTC 4
_wLC
_c9650
_i73345
_d9650
_e2017-10-23
_f2021-11-9
_g6
_lCCODEBUL1
_mBUL
_n2
_p50.50
_q9
_r0
_sY
_tBOOK
_u2016-6-2
_xTEOLOGIA
_PP85
_0COMPRA
_o.STAFF. Colección Teología
980 _81
_gALBERTO SANCHEZ Responsable de Automatización